|
|
|
|
| LEADER |
00891nam a22002057a 4500 |
| 001 |
AAL1200 |
| 003 |
BD-DhAAL |
| 005 |
20160319181120.0 |
| 008 |
160319s 1998bg a|||| |||| 00| 0 ben d |
| 040 |
|
|
|a BD-DhAAL
|c BD-DhAAL
|
| 082 |
|
|
|a 320.8095492
|
| 100 |
|
|
|a আহমেদ, তোফায়েল
|9 18625
|
| 245 |
|
|
|a স্থানীয় সরকারের সংস্কার ভাবনায় দুই দশক /
|c তোফায়েল আহমেদ
|
| 260 |
|
|
|a Vola :
|b Coast Trust
|c 1998
|
| 300 |
|
|
|a ১৬৭ পৃ. :
|b চিত্র ;
|c ২০ সে.মি.
|
| 650 |
|
|
|a Local Goverment
|z Bangladesh
|9 18626
|
| 852 |
|
|
|a Savar Campus Library
|c General Stacks
|
| 942 |
|
|
|2 ddc
|c BK
|
| 999 |
|
|
|c 37161
|d 37161
|
| 952 |
|
|
|0 0
|1 0
|2 ddc
|4 0
|6 320_809549200000000_AHM
|7 0
|9 58432
|a SCL
|b SCL
|c GEN
|d 2016-03-19
|g 110.00
|l 0
|o 320.8095492 AHM
|p 3020001200
|r 2016-03-19
|t 1
|w 2016-03-19
|y BK
|